Lego-Dacta ako učebná pomôcka v systéme didaktických prostriedkov
Didaktická pomôcka Lego-Dacta, jej postavenie v systéme didaktických prostriedkov. Charakteristika jednotlivých súprav Lego. Charakteristika Lego-Dacta na základe niektorých dimenzií diferenciácie operačných objektov.
Saved in:
| Main Author: | |
|---|---|
| Format: | Book Chapter |
| Language: | Slovak |
| Subjects: | |
| Tags: |
No Tags, Be the first to tag this record!
|
MARC
| LEADER | 00000naa$a2200000$$$4500 | ||
|---|---|---|---|
| 001 | 0041719 | ||
| 005 | 20231010124011.3 | ||
| 041 | 0 | |a slo | |
| 044 | |a SK | ||
| 245 | 1 | 0 | |a Lego-Dacta ako učebná pomôcka v systéme didaktických prostriedkov |c Gabriela Gugová |
| 520 | |a Didaktická pomôcka Lego-Dacta, jej postavenie v systéme didaktických prostriedkov. Charakteristika jednotlivých súprav Lego. Charakteristika Lego-Dacta na základe niektorých dimenzií diferenciácie operačných objektov. | ||
| 610 | 2 | 0 | |a didaktika |
| 610 | 2 | 0 | |a vyučovanie |
| 610 | 2 | 0 | |a vzdelávanie |
| 610 | 2 | 0 | |a pomôcky pracovné |
| 610 | 2 | 0 | |a hračky |
| 610 | 2 | 0 | |a učitelia |
| 100 | 1 | |a Gugová, Gabriela | |